000 01089nam a22003737a 4500
001 BR2012003122
003 BR-BrBNA
005 20230928103952.0
007 ta
008 230509b bl.||||| |||| 00| 0 por d
040 _aBR-BrBNA
_bpor
_cBiblioteca Nacional de Agricultura
041 _a(Por)
072 _aL73
_b5212
_b4110
090 _ 5212 BR2012003122
100 1 _aLafetá, B.N.
110 1 _aUniversidade Federal de Minas Gerais, Belo Horizonte (Brasil). Escola de Veterinária
_0Tese (Doutor em Ciência Animal)
245 1 _aProdução e caracterização da proteína recombinante LipL32 de Leptospira spp.
260 3 _aBelo Horizonte, MG (Brasil):
_c2010.
300 _a45 p.
500 _aSummaries (Eng, Por); 44 ref.; 10 illus.
650 _aBOVINO
650 _aLEPTOSPIROSE
650 _aBACTÉRIA
650 _aINFESTAÇÃO
650 _aSORO
650 _aGENE
650 _aPROTEÍNA
650 _aMEMBRANA
650 _aEXTRAÇÃO
650 _aIMUNIZAÇÃO
650 _aMÉTODO
909 _a202309
_bLucia
_c55
_dLucia Elande
942 _cBK
999 _c77476
_d77476